| 000 | 00658nam a22001577a 4500 | ||
|---|---|---|---|
| 005 | 20250813144315.0 | ||
| 008 | 250813b |||||||| |||| 00| 0 eng d | ||
| 050 |
_aTHE HG 1616 .C87 O532 _bC.4 |
||
| 100 | _aOnchangu, Selina Anne | ||
| 245 | _aAn Evaluation of Customers' Satisfaction with the Quality of ATM Services at Equity Bank in Kisii County | ||
| 260 |
_aKisii _bKisii University _c2012 |
||
| 300 | _axii, 48p.:ill. | ||
| 500 | _aIncludes bibliographical references | ||
| 650 | _a1. Automated teller machines—Kenya. 2. Customer satisfaction—Kenya. 3. Banks and banking—Kenya. 4. Consumer behavior—Kenya—Kisii County. | ||
| 942 |
_2lcc _cREF |
||
| 999 |
_c216036 _d216036 |
||